| 000 | 00782cam a22002535a 4500 | ||
|---|---|---|---|
| 001 | 17888109 | ||
| 005 | 20160413141813.0 | ||
| 008 | 130916t2014 nyua frb 001 0 eng d | ||
| 020 | _a9780071819800 (hardback) | ||
| 020 | _a0071819800 | ||
| 040 |
_aDLC _cDLC _dDLC _dEG-ScBUE _beng |
||
| 082 | 0 | 4 |
_a660.2815 _222 _bERW |
| 100 | 1 |
_aErwin, Douglas L. _939817 |
|
| 245 | 1 | 0 |
_aIndustrial chemical process design / _cDouglas Erwin. |
| 250 | _a2nd ed. | ||
| 260 |
_aNew York : _bMcGraw-Hill Education, _cc.2014. |
||
| 300 |
_axvi, 414 p. : _bill. ; _c25 cm. |
||
| 500 | _aIndex : p. 397-414. | ||
| 504 | _aIncludes bibliographical references. | ||
| 650 | 7 |
_aChemical process control _xData processing. _2BUEsh _96078 |
|
| 651 | _2BUEsh | ||
| 653 |
_bENGGEN _cApril2016 |
||
| 942 | _2ddc | ||
| 999 |
_c21622 _d21594 |
||